[Event "45th FIDE Chess Olympiad Open"]
[Site "Budapest, Hungary"]
[Date "2024.09.22"]
[Round "11"]
[White "Al Thebaiti, Ahmed M"]
[Black "Delgado Rosas, Alex Antonio"]
[Result "1/2-1/2"]
[Board "214"]
[WhiteFideId "21502390"]
[BlackFideId "6602150"]
[WhiteTitle "CM"]
[BlackTitle "CM"]
[WhiteElo "1993"]
[BlackElo "2157"]
[WhiteTeam "Saudi Arabia"]
[BlackTeam "Panama"]
[WhiteClock "0:26:22"]
[BlackClock "0:36:07"]
[Variant "Standard"]

1. d4 {[%clk 1:30:52]}  Nf6 {[%clk 1:30:31]} 2. Bf4 {[%clk 1:31:00]}  d5 {[%clk 1:30:38]} 3. e3 {[%clk 1:31:20]}  c5 {[%clk 1:31:03]} 4. Nf3 {[%clk 1:31:37]}  Nc6 {[%clk 1:31:23]} 5. Nbd2 {[%clk 1:31:54]}  e6 {[%clk 1:31:11]} 6. c3 {[%clk 1:32:11]}  cxd4 {[%clk 1:31:36]} 7. exd4 {[%clk 1:32:29]}  Nh5 {[%clk 1:31:59]} 8. Be3 {[%clk 1:31:53]}  Bd6 {[%clk 1:31:35]} 9. Ne5 {[%clk 1:32:05]}  Nf6 {[%clk 1:30:49]} 10. Nd3 {[%clk 1:31:50]}  b6 {[%clk 1:29:15]} 11. g3 {[%clk 1:24:07]}  Bb7 {[%clk 1:28:25]} 12. Bg2 {[%clk 1:23:38]}  O-O {[%clk 1:28:37]} 13. O-O {[%clk 1:23:47]}  Ne7 {[%clk 1:25:11]} 14. Bf4 {[%clk 1:21:01]}  Ba6 {[%clk 1:11:49]} 15. Bxd6 {[%clk 1:20:28]}  Qxd6 {[%clk 1:12:14]} 16. Nf3 {[%clk 1:20:44]}  Qc7 {[%clk 1:10:34]} 17. Re1 {[%clk 1:20:56]}  Bxd3 {[%clk 1:10:59]} 18. Qxd3 {[%clk 1:21:19]}  Nf5 {[%clk 1:11:15]} 19. Ne5 {[%clk 1:18:10]}  Nd6 {[%clk 1:11:24]} 20. Qe2 {[%clk 1:13:38]}  b5 {[%clk 1:08:57]} 21. Nd3 {[%clk 1:12:43]}  a5 {[%clk 1:08:47]} 22. a3 {[%clk 1:09:47]}  Nd7 {[%clk 1:04:14]} 23. h4 {[%clk 0:54:08]}  Nb8 {[%clk 1:02:59]} 24. h5 {[%clk 0:46:21]}  h6 {[%clk 1:03:23]} 25. g4 {[%clk 0:40:13]}  Qd8 {[%clk 1:02:32]} 26. Qe3 {[%clk 0:21:09]}  Nc6 {[%clk 0:56:55]} 27. Qg3 {[%clk 0:21:04]}  Rb8 {[%clk 0:49:21]} 28. f4 {[%clk 0:14:24]}  b4 {[%clk 0:48:02]} 29. axb4 {[%clk 0:14:20]}  axb4 {[%clk 0:48:26]} 30. f5 {[%clk 0:14:21]}  Ne4 {[%clk 0:45:58]} 31. Bxe4 {[%clk 0:09:26]}  dxe4 {[%clk 0:46:24]} 32. Rxe4 {[%clk 0:09:34]}  bxc3 {[%clk 0:46:43]} 33. bxc3 {[%clk 0:09:51]}  Qd5 {[%clk 0:44:57]} 34. Re3 {[%clk 0:08:43]}  exf5 {[%clk 0:36:39]} 35. Nf4 {[%clk 0:07:08]}  Qd6 {[%clk 0:35:59]} 36. g5 {[%clk 0:06:17]}  Rfe8 {[%clk 0:31:35]} 37. g6 {[%clk 0:05:41]}  fxg6 {[%clk 0:29:11]} 38. hxg6 {[%clk 0:05:50]}  Re4 {[%clk 0:19:19]} 39. Rae1 {[%clk 0:03:49]}  Rbe8 {[%clk 0:19:32]} 40. Rxe4 {[%clk 0:03:46]}  fxe4 {[%clk 0:19:55]} 41. Qg4 {[%clk 0:01:47]}  Nxd4 {[%clk 0:08:31]} 42. cxd4 {[%clk 0:01:16]}  Qxd4+ {[%clk 0:08:56]} 43. Kh1 {[%clk 0:29:58]}  e3 {[%clk 0:37:42]} 44. Qf5 {[%clk 0:27:11]}  Qe4+ {[%clk 0:37:25]} 45. Qxe4 {[%clk 0:27:24]}  Rxe4 {[%clk 0:37:53]} 46. Ng2 {[%clk 0:26:42]}  Rg4 {[%clk 0:38:00]} 47. Rxe3 {[%clk 0:26:31]}  Rxg6 {[%clk 0:38:21]} 48. Rf3 {[%clk 0:26:48]}  Ra6 {[%clk 0:38:30]} 49. Kh2 {[%clk 0:26:57]}  Kh7 {[%clk 0:35:38]} 50. Nf4 {[%clk 0:26:56]}  Rf6 {[%clk 0:35:35]} 51. Kg2 {[%clk 0:26:47]}  g5 {[%clk 0:35:46]} 52. Ne2 {[%clk 0:26:22]}  Rxf3 {[%clk 0:36:07]} 1/2-1/2

[Event "45th FIDE Chess Olympiad Open"]
[Site "Budapest, Hungary"]
[Date "2024.09.22"]
[Round "11"]
[White "Baules Rodriguez, Jorge Luis"]
[Black "Alshnaiber, Yazeed"]
[Result "1/2-1/2"]
[Board "215"]
[WhiteFideId "6600247"]
[BlackFideId "21527725"]
[WhiteTitle "IM"]
[WhiteElo "2271"]
[BlackElo "1889"]
[WhiteTeam "Panama"]
[BlackTeam "Saudi Arabia"]
[WhiteClock "0:43:03"]
[BlackClock "0:16:47"]
[Variant "Standard"]

1. e4 {[%clk 1:30:48]}  e5 {[%clk 1:30:25]} 2. Nf3 {[%clk 1:31:11]}  Nc6 {[%clk 1:30:48]} 3. Bc4 {[%clk 1:31:33]}  Bc5 {[%clk 1:29:32]} 4. c3 {[%clk 1:31:36]}  Nf6 {[%clk 1:28:19]} 5. d3 {[%clk 1:31:15]}  O-O {[%clk 1:24:33]} 6. b4 {[%clk 1:28:25]}  Be7 {[%clk 1:14:38]} 7. O-O {[%clk 1:27:47]}  d5 {[%clk 1:08:45]} 8. exd5 {[%clk 1:28:14]}  Nxd5 {[%clk 1:09:00]} 9. b5 {[%clk 0:57:53]}  Na5 {[%clk 1:02:08]} 10. Bxd5 {[%clk 0:58:21]}  Qxd5 {[%clk 1:02:29]} 11. c4 {[%clk 0:58:50]}  Qe6 {[%clk 0:52:07]} 12. Re1 {[%clk 0:56:55]}  f6 {[%clk 0:46:33]} 13. Nc3 {[%clk 0:42:38]}  b6 {[%clk 0:46:33]} 14. Nd5 {[%clk 0:42:38]}  Bd6 {[%clk 0:00:00]} 15. Bd2 {[%clk 0:00:00]}  Bb7 {[%clk 0:23:22]} 16. Bxa5 {[%clk 0:00:00]}  bxa5 {[%clk 0:23:44]} 17. Nd4 {[%clk 0:30:33]}  Qd7 {[%clk 0:19:52]} 18. Nc6 {[%clk 0:30:56]}  Bxc6 {[%clk 0:18:09]} 19. bxc6 {[%clk 0:31:25]}  Qxc6 {[%clk 0:18:29]} 20. Qg4 {[%clk 0:31:49]}  Rae8 {[%clk 0:16:11]} 21. Qf3 {[%clk 0:27:59]}  Qd7 {[%clk 0:15:31]} 22. Qe3 {[%clk 0:27:04]}  c6 {[%clk 0:15:15]} 23. Nc3 {[%clk 0:27:33]}  Bb4 {[%clk 0:15:10]} 24. Rec1 {[%clk 0:26:09]}  Rd8 {[%clk 0:12:15]} 25. a3 {[%clk 0:26:26]}  Bxc3 {[%clk 0:11:26]} 26. Rxc3 {[%clk 0:26:54]}  Qd4 {[%clk 0:11:40]} 27. Qxd4 {[%clk 0:17:36]}  Rxd4 {[%clk 0:11:58]} 28. Rb1 {[%clk 0:18:06]}  Rfd8 {[%clk 0:08:48]} 29. Kf1 {[%clk 0:18:35]}  R8d7 {[%clk 0:06:44]} 30. Rb8+ {[%clk 0:15:51]}  Kf7 {[%clk 0:07:08]} 31. Rc8 {[%clk 0:15:52]}  Rxd3 {[%clk 0:02:52]} 32. Rxd3 {[%clk 0:16:14]}  Rxd3 {[%clk 0:03:18]} 33. Rxc6 {[%clk 0:16:40]}  Rxa3 {[%clk 0:03:34]} 34. Rc7+ {[%clk 0:17:00]}  Kg6 {[%clk 0:03:53]} 35. Rxa7 {[%clk 0:17:00]}  Rc3 {[%clk 0:03:39]} 36. Rxa5 {[%clk 0:17:18]}  Rxc4 {[%clk 0:04:04]} 37. g3 {[%clk 0:17:31]}  h5 {[%clk 0:04:20]} 38. h4 {[%clk 0:17:56]}  Kf5 {[%clk 0:04:42]} 39. Kg2 {[%clk 0:17:41]}  g6 {[%clk 0:03:36]} 40. Ra6 {[%clk 0:17:22]}  Rb4 {[%clk 0:02:30]} 41. Rc6 {[%clk 0:15:59]}  Rb2 {[%clk 0:01:53]} 42. Rc5 {[%clk 0:14:08]}  Rd2 {[%clk 0:02:07]} 43. Ra5 {[%clk 0:14:15]}  Rd4 {[%clk 0:24:27]} 44. Rb5 {[%clk 0:43:32]}  g5 {[%clk 0:22:06]} 45. hxg5 {[%clk 0:43:53]}  fxg5 {[%clk 0:22:31]} 46. Rb8 {[%clk 0:42:11]}  e4 {[%clk 0:20:23]} 47. Rf8+ {[%clk 0:41:38]}  Kg4 {[%clk 0:19:44]} 48. Re8 {[%clk 0:41:59]}  Ra4 {[%clk 0:19:00]} 49. Re7 {[%clk 0:42:24]}  h4 {[%clk 0:14:40]} 50. gxh4 {[%clk 0:42:36]}  Kxh4 {[%clk 0:15:02]} 51. Re8 {[%clk 0:41:19]}  Kg4 {[%clk 0:15:23]} 52. Rxe4+ {[%clk 0:41:09]}  Rxe4 {[%clk 0:15:45]} 53. f3+ {[%clk 0:41:38]}  Kf4 {[%clk 0:16:06]} 54. fxe4 {[%clk 0:42:06]}  Kxe4 {[%clk 0:16:26]} 55. Kg3 {[%clk 0:42:34]}  Kf5 {[%clk 0:16:47]} 56. Kf3 {[%clk 0:43:03]} 1/2-1/2

[Event "45th FIDE Chess Olympiad Open"]
[Site "Budapest, Hungary"]
[Date "2024.09.22"]
[Round "11"]
[White "Khayat, Emad"]
[Black "Schnell, Sebastian Narayana"]
[Result "0-1"]
[Board "216"]
[WhiteFideId "21518076"]
[BlackFideId "6605290"]
[WhiteElo "1907"]
[BlackElo "2059"]
[WhiteTeam "Saudi Arabia"]
[BlackTeam "Panama"]
[WhiteClock "0:02:08"]
[BlackClock "0:23:53"]
[Variant "Standard"]

1. d4 {[%clk 1:30:50]}  Nf6 {[%clk 1:30:50]} 2. Nf3 {[%clk 1:31:13]}  g6 {[%clk 1:31:11]} 3. g3 {[%clk 1:31:30]}  Bg7 {[%clk 1:31:29]} 4. Bg2 {[%clk 1:31:48]}  O-O {[%clk 1:31:48]} 5. O-O {[%clk 1:32:02]}  d6 {[%clk 1:32:10]} 6. b3 {[%clk 1:31:16]}  c6 {[%clk 1:31:06]} 7. Bb2 {[%clk 1:30:11]}  Qa5 {[%clk 1:28:16]} 8. Re1 {[%clk 1:26:00]}  Qh5 {[%clk 1:23:21]} 9. Nbd2 {[%clk 1:24:54]}  Bh3 {[%clk 1:21:18]} 10. e4 {[%clk 1:20:53]}  Bxg2 {[%clk 1:12:14]} 11. Kxg2 {[%clk 1:21:18]}  Nbd7 {[%clk 1:03:58]} 12. e5 {[%clk 1:17:47]}  Nd5 {[%clk 0:58:46]} 13. Re4 {[%clk 0:58:28]}  g5 {[%clk 0:52:38]} 14. h3 {[%clk 0:49:27]}  f5 {[%clk 0:49:58]} 15. exf6 {[%clk 0:35:02]}  N7xf6 {[%clk 0:50:04]} 16. Re1 {[%clk 0:32:12]}  Rf7 {[%clk 0:44:39]} 17. c4 {[%clk 0:20:20]}  Nb4 {[%clk 0:42:10]} 18. Bc3 {[%clk 0:18:14]}  Na6 {[%clk 0:38:21]} 19. Nh2 {[%clk 0:15:31]}  Qg6 {[%clk 0:35:38]} 20. Qb1 {[%clk 0:15:54]}  Qh6 {[%clk 0:35:51]} 21. Ne4 {[%clk 0:13:39]}  Raf8 {[%clk 0:30:18]} 22. f3 {[%clk 0:10:37]}  Qh5 {[%clk 0:24:46]} 23. Nxf6+ {[%clk 0:10:27]}  Bxf6 {[%clk 0:22:50]} 24. Qe4 {[%clk 0:10:03]}  Nc7 {[%clk 0:22:39]} 25. Rad1 {[%clk 0:09:07]}  d5 {[%clk 0:22:06]} 26. Qd3 {[%clk 0:08:08]}  Rg7 {[%clk 0:18:56]} 27. g4 {[%clk 0:07:17]}  Qf7 {[%clk 0:15:47]} 28. Nf1 {[%clk 0:07:06]}  Ne6 {[%clk 0:15:08]} 29. Rxe6 {[%clk 0:06:58]}  Qxe6 {[%clk 0:15:30]} 30. Re1 {[%clk 0:06:38]}  dxc4 {[%clk 0:12:32]} 31. bxc4 {[%clk 0:06:59]}  Qd7 {[%clk 0:12:53]} 32. Ng3 {[%clk 0:07:10]}  e6 {[%clk 0:12:26]} 33. Nh5 {[%clk 0:02:59]}  Rgf7 {[%clk 0:11:07]} 34. Nxf6+ {[%clk 0:03:25]}  Rxf6 {[%clk 0:11:28]} 35. d5 {[%clk 0:03:49]}  Rxf3 {[%clk 0:10:04]} 36. Qd4 {[%clk 0:04:05]}  Rxc3 {[%clk 0:09:25]} 37. Qxc3 {[%clk 0:04:17]}  exd5 {[%clk 0:05:45]} 38. Qe5 {[%clk 0:04:10]}  dxc4 {[%clk 0:04:09]} 39. Qxg5+ {[%clk 0:02:36]}  Qg7 {[%clk 0:04:29]} 40. Qc5 {[%clk 0:01:04]}  Qf7 {[%clk 0:02:11]} 41. Re7 {[%clk 0:13:14]}  Qf3+ {[%clk 0:29:29]} 42. Kh2 {[%clk 0:12:42]}  Qf2+ {[%clk 0:29:46]} 43. Qxf2 {[%clk 0:13:07]}  Rxf2+ {[%clk 0:30:11]} 44. Kg3 {[%clk 0:13:32]}  Rb2 {[%clk 0:29:56]} 45. Kf4 {[%clk 0:13:23]}  c3 {[%clk 0:29:11]} 46. Ke3 {[%clk 0:13:43]}  a5 {[%clk 0:28:27]} 47. Kd3 {[%clk 0:11:30]}  b5 {[%clk 0:28:29]} 48. Kxc3 {[%clk 0:11:16]}  Rxa2 {[%clk 0:28:45]} 49. Rc7 {[%clk 0:09:24]}  Ra3+ {[%clk 0:28:39]} 50. Kb2 {[%clk 0:08:21]}  Rxh3 {[%clk 0:28:49]} 51. Rxc6 {[%clk 0:08:46]}  a4 {[%clk 0:24:07]} 52. Rc7 {[%clk 0:07:50]}  Rb3+ {[%clk 0:22:57]} 53. Kc2 {[%clk 0:07:23]}  Rb4 {[%clk 0:23:18]} 54. Rb7 {[%clk 0:07:09]}  a3 {[%clk 0:23:09]} 55. g5 {[%clk 0:02:26]}  Rb2+ {[%clk 0:23:13]} 56. Kc1 {[%clk 0:02:32]}  b4 {[%clk 0:23:03]} 57. Ra7 {[%clk 0:02:12]}  Rg2 {[%clk 0:23:08]} 58. Kb1 {[%clk 0:01:58]}  Rxg5 {[%clk 0:23:13]} 59. Rb7 {[%clk 0:02:05]}  Rg4 {[%clk 0:23:13]} 60. Ka1 {[%clk 0:02:21]}  h5 {[%clk 0:23:21]} 61. Kb1 {[%clk 0:02:32]}  h4 {[%clk 0:23:34]} 62. Rd7 {[%clk 0:02:08]}  b3 {[%clk 0:23:53]} 0-1

[Event "45th FIDE Chess Olympiad Open"]
[Site "Budapest, Hungary"]
[Date "2024.09.22"]
[Round "11"]
[White "Chinchilla, Alejandro Jose"]
[Black "Mwali, Chitumbo"]
[Result "1/2-1/2"]
[Board "217"]
[WhiteFideId "8401136"]
[BlackFideId "8700265"]
[WhiteTitle "FM"]
[BlackTitle "IM"]
[WhiteElo "2113"]
[BlackElo "2312"]
[WhiteTeam "Honduras"]
[BlackTeam "Zambia"]
[WhiteClock "0:24:41"]
[BlackClock "0:13:21"]
[Variant "Standard"]

1. e4 {[%clk 1:30:47]}  e5 {[%clk 1:30:54]} 2. Nf3 {[%clk 1:31:13]}  Nc6 {[%clk 1:31:20]} 3. Bc4 {[%clk 1:31:38]}  Nf6 {[%clk 1:31:45]} 4. Ng5 {[%clk 1:32:04]}  d5 {[%clk 1:30:55]} 5. exd5 {[%clk 1:32:29]}  Na5 {[%clk 1:31:23]} 6. Bb5+ {[%clk 1:32:52]}  c6 {[%clk 1:30:36]} 7. dxc6 {[%clk 1:33:16]}  bxc6 {[%clk 1:31:03]} 8. Bd3 {[%clk 1:33:34]}  h6 {[%clk 1:26:49]} 9. Ne4 {[%clk 1:33:27]}  Nd5 {[%clk 1:27:07]} 10. O-O {[%clk 1:29:45]}  Be7 {[%clk 1:26:48]} 11. Re1 {[%clk 1:23:43]}  O-O {[%clk 1:26:12]} 12. Ng3 {[%clk 1:22:13]}  Bd6 {[%clk 1:25:41]} 13. Bf5 {[%clk 1:17:38]}  Bb7 {[%clk 1:00:47]} 14. d3 {[%clk 1:14:32]}  c5 {[%clk 0:59:32]} 15. Nc3 {[%clk 1:14:04]}  Ne7 {[%clk 0:42:54]} 16. Be4 {[%clk 1:13:29]}  Nac6 {[%clk 0:42:30]} 17. Nf5 {[%clk 1:09:12]}  Nxf5 {[%clk 0:40:19]} 18. Bxf5 {[%clk 1:09:18]}  Rb8 {[%clk 0:40:44]} 19. Ne4 {[%clk 1:06:14]}  Be7 {[%clk 0:39:36]} 20. Ng3 {[%clk 1:05:30]}  Nd4 {[%clk 0:36:37]} 21. Be4 {[%clk 1:05:31]}  Bc8 {[%clk 0:36:52]} 22. c3 {[%clk 0:54:17]}  f5 {[%clk 0:37:10]} 23. cxd4 {[%clk 0:54:42]}  fxe4 {[%clk 0:37:36]} 24. Nxe4 {[%clk 0:53:57]}  Qxd4 {[%clk 0:34:18]} 25. Rb1 {[%clk 0:50:54]}  Ba6 {[%clk 0:29:49]} 26. Be3 {[%clk 0:45:50]}  Qd5 {[%clk 0:27:11]} 27. b3 {[%clk 0:44:53]}  Bxd3 {[%clk 0:27:16]} 28. Nxc5 {[%clk 0:41:32]}  Bxc5 {[%clk 0:23:35]} 29. Bxc5 {[%clk 0:41:57]}  Qxc5 {[%clk 0:23:59]} 30. Qxd3 {[%clk 0:42:23]}  Qxf2+ {[%clk 0:23:49]} 31. Kh1 {[%clk 0:42:38]}  Rbd8 {[%clk 0:23:24]} 32. Qc4+ {[%clk 0:42:30]}  Kh8 {[%clk 0:23:43]} 33. a4 {[%clk 0:37:58]}  Rd2 {[%clk 0:23:14]} 34. Rg1 {[%clk 0:34:15]}  Rf4 {[%clk 0:22:17]} 35. Qe6 {[%clk 0:28:55]}  e4 {[%clk 0:20:36]} 36. Rbc1 {[%clk 0:26:11]}  Rd8 {[%clk 0:17:12]} 37. Rce1 {[%clk 0:24:41]}  Qd4 {[%clk 0:13:21]} 38. g3 {[%clk 0:24:41]}  Rf6 {[%clk 0:13:21]} 1/2-1/2

[Event "45th FIDE Chess Olympiad Open"]
[Site "Budapest, Hungary"]
[Date "2024.09.22"]
[Round "11"]
[White "Kayonde, Andrew"]
[Black "Colindres, Daniel"]
[Result "1-0"]
[Board "218"]
[WhiteFideId "8700281"]
[BlackFideId "8400040"]
[WhiteTitle "IM"]
[BlackTitle "FM"]
[WhiteElo "2338"]
[BlackElo "2079"]
[WhiteTeam "Zambia"]
[BlackTeam "Honduras"]
[WhiteClock "0:28:06"]
[BlackClock "0:33:28"]
[Variant "Standard"]

1. d4 {[%clk 1:30:43]}  Nf6 {[%clk 1:30:42]} 2. Nf3 {[%clk 1:31:05]}  g6 {[%clk 1:30:55]} 3. Nbd2 {[%clk 1:31:23]}  d5 {[%clk 1:28:31]} 4. e3 {[%clk 1:31:48]}  Bg7 {[%clk 1:28:08]} 5. b4 {[%clk 1:31:58]}  a5 {[%clk 1:26:16]} 6. b5 {[%clk 1:32:13]}  c5 {[%clk 1:24:53]} 7. bxc6 {[%clk 1:32:06]}  Nxc6 {[%clk 1:21:18]} 8. Be2 {[%clk 1:31:56]}  O-O {[%clk 1:21:15]} 9. O-O {[%clk 1:31:06]}  Bf5 {[%clk 1:18:46]} 10. Nh4 {[%clk 1:25:22]}  Ne4 {[%clk 1:15:01]} 11. Nxf5 {[%clk 1:25:29]}  Nc3 {[%clk 1:15:15]} 12. Qe1 {[%clk 1:25:10]}  Nxe2+ {[%clk 1:11:36]} 13. Qxe2 {[%clk 1:25:31]}  gxf5 {[%clk 1:12:05]} 14. Ba3 {[%clk 1:23:22]}  Nb4 {[%clk 1:07:57]} 15. Rfc1 {[%clk 1:19:03]}  Qd7 {[%clk 1:04:22]} 16. c3 {[%clk 1:19:16]}  Qa4 {[%clk 1:01:11]} 17. Bb2 {[%clk 1:19:22]}  Na6 {[%clk 0:58:56]} 18. Qd3 {[%clk 1:09:55]}  Qd7 {[%clk 0:58:48]} 19. c4 {[%clk 1:08:59]}  Rfc8 {[%clk 0:58:19]} 20. a4 {[%clk 0:58:31]}  Nb4 {[%clk 0:52:36]} 21. Qb3 {[%clk 0:58:38]}  Rc6 {[%clk 0:51:33]} 22. Bc3 {[%clk 0:49:36]}  dxc4 {[%clk 0:48:25]} 23. Nxc4 {[%clk 0:49:57]}  Nd5 {[%clk 0:48:51]} 24. Bd2 {[%clk 0:49:00]}  b6 {[%clk 0:48:27]} 25. Ra2 {[%clk 0:46:06]}  Rac8 {[%clk 0:45:12]} 26. Rac2 {[%clk 0:46:10]}  Qe6 {[%clk 0:45:02]} 27. Na3 {[%clk 0:40:37]}  Qd7 {[%clk 0:37:44]} 28. Qb5 {[%clk 0:37:05]}  Nb4 {[%clk 0:37:25]} 29. Bxb4 {[%clk 0:34:20]}  Rxc2 {[%clk 0:37:05]} 30. Rxc2 {[%clk 0:34:44]}  Rxc2 {[%clk 0:36:39]} 31. Nxc2 {[%clk 0:35:12]}  Qxb5 {[%clk 0:36:21]} 32. axb5 {[%clk 0:35:36]}  axb4 {[%clk 0:36:19]} 33. Nxb4 {[%clk 0:36:00]}  e6 {[%clk 0:36:25]} 34. h3 {[%clk 0:31:58]}  Kf8 {[%clk 0:35:03]} 35. Nc6 {[%clk 0:31:12]}  Ke8 {[%clk 0:35:07]} 36. g4 {[%clk 0:31:16]}  fxg4 {[%clk 0:34:11]} 37. hxg4 {[%clk 0:31:45]}  Kd7 {[%clk 0:33:02]} 38. Ne5+ {[%clk 0:27:49]}  Ke7 {[%clk 0:33:28]} 39. Nc4 {[%clk 0:28:06]} 1-0

[Event "45th FIDE Chess Olympiad Open"]
[Site "Budapest, Hungary"]
[Date "2024.09.22"]
[Round "11"]
[White "Soliz Gabarrete, Luis Fernando"]
[Black "Mulenga, Prince Daniel"]
[Result "1-0"]
[Board "219"]
[WhiteFideId "8403031"]
[BlackFideId "8701776"]
[BlackTitle "FM"]
[WhiteElo "1920"]
[BlackElo "2184"]
[WhiteTeam "Honduras"]
[BlackTeam "Zambia"]
[WhiteClock "0:02:01"]
[BlackClock "0:37:11"]
[Variant "Standard"]

1. e4 {[%clk 1:30:58]}  c5 {[%clk 1:30:58]} 2. Nf3 {[%clk 1:31:27]}  d6 {[%clk 1:31:17]} 3. c3 {[%clk 1:31:53]}  Nf6 {[%clk 1:31:44]} 4. h3 {[%clk 1:32:21]}  g6 {[%clk 1:31:58]} 5. Bd3 {[%clk 1:32:45]}  Bg7 {[%clk 1:32:25]} 6. Bc2 {[%clk 1:33:11]}  O-O {[%clk 1:32:31]} 7. d4 {[%clk 1:33:37]}  cxd4 {[%clk 1:32:32]} 8. cxd4 {[%clk 1:34:02]}  Nc6 {[%clk 1:33:00]} 9. Nc3 {[%clk 1:34:24]}  e5 {[%clk 1:31:50]} 10. O-O {[%clk 1:34:46]}  h6 {[%clk 1:32:07]} 11. d5 {[%clk 1:34:44]}  Ne7 {[%clk 1:32:14]} 12. Be3 {[%clk 1:21:46]}  a6 {[%clk 1:31:55]} 13. a4 {[%clk 1:18:34]}  Nh5 {[%clk 1:30:25]} 14. Nd2 {[%clk 1:18:01]}  Bd7 {[%clk 1:29:20]} 15. a5 {[%clk 1:08:34]}  Rc8 {[%clk 1:23:56]} 16. Ra3 {[%clk 0:52:48]}  Nf4 {[%clk 1:20:49]} 17. Rb3 {[%clk 0:52:38]}  Qc7 {[%clk 1:20:19]} 18. Bb6 {[%clk 0:41:06]}  Qb8 {[%clk 1:19:44]} 19. Kh2 {[%clk 0:41:21]}  h5 {[%clk 1:14:17]} 20. h4 {[%clk 0:38:17]}  g5 {[%clk 0:59:38]} 21. hxg5 {[%clk 0:30:28]}  h4 {[%clk 0:56:20]} 22. g3 {[%clk 0:28:22]}  Nfg6 {[%clk 0:56:16]} 23. Ra3 {[%clk 0:13:57]}  f6 {[%clk 0:53:54]} 24. gxf6 {[%clk 0:14:22]}  Rxf6 {[%clk 0:54:00]} 25. Ba4 {[%clk 0:14:38]}  Bxa4 {[%clk 0:52:47]} 26. Nxa4 {[%clk 0:10:52]}  Rcf8 {[%clk 0:49:40]} 27. Rf3 {[%clk 0:08:45]}  Qe8 {[%clk 0:48:47]} 28. Nc3 {[%clk 0:07:19]}  Qf7 {[%clk 0:48:54]} 29. Rxf6 {[%clk 0:07:18]}  Qxf6 {[%clk 0:49:24]} 30. Be3 {[%clk 0:06:32]}  Rf7 {[%clk 0:47:38]} 31. Kg2 {[%clk 0:06:50]}  Bf8 {[%clk 0:47:06]} 32. Qg4 {[%clk 0:05:47]}  Qg7 {[%clk 0:46:00]} 33. Qg5 {[%clk 0:02:42]}  Qh7 {[%clk 0:45:38]} 34. Rh1 {[%clk 0:02:39]}  Bg7 {[%clk 0:44:20]} 35. Nc4 {[%clk 0:02:19]}  Rf6 {[%clk 0:41:03]} 36. Qg4 {[%clk 0:01:59]}  Bh6 {[%clk 0:37:11]} 37. Rxh4 {[%clk 0:02:01]} 1-0

[Event "45th FIDE Chess Olympiad Open"]
[Site "Budapest, Hungary"]
[Date "2024.09.22"]
[Round "11"]
[White "Hapaku, Charles"]
[Black "Zuniga Garcia, German"]
[Result "1-0"]
[Board "220"]
[WhiteFideId "8704244"]
[BlackFideId "8407576"]
[WhiteTitle "CM"]
[WhiteElo "2102"]
[BlackElo "1877"]
[WhiteTeam "Zambia"]
[BlackTeam "Honduras"]
[WhiteClock "1:14:48"]
[BlackClock "0:01:03"]
[Variant "Standard"]

1. c4 {[%clk 1:30:57]}  g6 {[%clk 1:30:56]} 2. d4 {[%clk 1:31:15]}  Bg7 {[%clk 1:31:15]} 3. Nc3 {[%clk 1:31:37]}  c5 {[%clk 1:31:34]} 4. Nf3 {[%clk 1:31:32]}  Nf6 {[%clk 1:26:57]} 5. e4 {[%clk 1:31:29]}  cxd4 {[%clk 1:27:18]} 6. Nxd4 {[%clk 1:31:51]}  Nc6 {[%clk 1:27:45]} 7. Be3 {[%clk 1:32:02]}  d6 {[%clk 1:27:24]} 8. Be2 {[%clk 1:32:25]}  Qa5 {[%clk 1:24:48]} 9. O-O {[%clk 1:32:37]}  O-O {[%clk 1:25:09]} 10. a3 {[%clk 1:32:53]}  Bd7 {[%clk 1:21:23]} 11. b4 {[%clk 1:33:08]}  Qc7 {[%clk 1:21:00]} 12. Rc1 {[%clk 1:31:27]}  Rfc8 {[%clk 1:18:30]} 13. h3 {[%clk 1:31:33]}  Qd8 {[%clk 1:13:24]} 14. f4 {[%clk 1:29:54]}  a6 {[%clk 0:58:00]} 15. Nf3 {[%clk 1:27:42]}  Nh5 {[%clk 0:42:29]} 16. Nd5 {[%clk 1:26:55]}  Ng3 {[%clk 0:41:04]} 17. Re1 {[%clk 1:27:03]}  Nxe2+ {[%clk 0:41:18]} 18. Rxe2 {[%clk 1:27:27]}  Rab8 {[%clk 0:37:05]} 19. Bb6 {[%clk 1:25:22]}  Qe8 {[%clk 0:35:48]} 20. b5 {[%clk 1:25:35]}  Nd8 {[%clk 0:35:17]} 21. Bc7 {[%clk 1:24:44]}  axb5 {[%clk 0:35:43]} 22. Bxb8 {[%clk 1:24:57]}  Rxb8 {[%clk 0:36:10]} 23. Nc7 {[%clk 1:25:10]}  Qf8 {[%clk 0:36:27]} 24. cxb5 {[%clk 1:25:23]}  Ne6 {[%clk 0:36:23]} 25. Nxe6 {[%clk 1:24:22]}  fxe6 {[%clk 0:35:26]} 26. Qb3 {[%clk 1:24:44]}  Kh8 {[%clk 0:14:40]} 27. Rc7 {[%clk 1:23:35]}  Qe8 {[%clk 0:12:03]} 28. a4 {[%clk 1:23:02]}  Qd8 {[%clk 0:12:30]} 29. Rec2 {[%clk 1:23:18]}  Bh6 {[%clk 0:07:00]} 30. Nd4 {[%clk 1:21:10]}  d5 {[%clk 0:06:53]} 31. Qc3 {[%clk 1:19:54]}  Kg8 {[%clk 0:07:00]} 32. Qf3 {[%clk 1:15:01]}  Bg7 {[%clk 0:04:32]} 33. e5 {[%clk 1:15:23]}  g5 {[%clk 0:04:59]} 34. Qg4 {[%clk 1:14:43]}  Kf7 {[%clk 0:02:37]} 35. Qxg5 {[%clk 1:14:43]}  Ra8 {[%clk 0:02:05]} 36. f5 {[%clk 1:14:13]}  exf5 {[%clk 0:01:26]} 37. Rxd7 {[%clk 1:13:43]}  Qxd7 {[%clk 0:00:39]} 38. e6+ {[%clk 1:14:00]}  Kf8 {[%clk 0:00:46]} 39. Qxg7+ {[%clk 1:14:25]}  Kxg7 {[%clk 0:01:03]} 40. exd7 {[%clk 1:14:48]} 1-0